000 00484nam a2200121Ia 4500
008 160712s9999 xx 000 0 und d
100 _aMabilangan, Rina A.
245 _cRina A. Mabilangan, Auxencia A. Limjap, Rene R. Belecina
_aProblem Solving Strategies of High School Students on Non-Routine Problems
260 _c2011
_bAlipato: A Journal of Basic Education
300 _avol. 5
650 _xEDUCATION
856 _uhttp://journals.upd.edu.ph/index.php/ali/article/view/2759/2580
999 _c297547
_d297547